01252cam a2200325 a 450000100090000000300060000900500170001500700030003200800410003502000150007602000180009102000210010903500560013004000930018605000240027908200220030310000180032524501000034326400370044326400110048030000270049133600260051833700280054433800270057250501850059952000660078465000220085065000170087265500370088912103787OCoLC20190116105022.0ta850510t19851985nyu 000 1 eng  a0070064563 a9780070064560 z0070064593q(hc) a(OCoLC)12103787z(OCoLC)429609188z(OCoLC)798226259 aDLCbengcDLCdBTCTAdBAKERdYDXCPdKUTdWPBdCNAHPdOCLCFdOCLCOdOCLCQdOCLCOdUtOrBLW00aPS3552.O59bA6 198500a814.54219bB695F1 aBombeck, Erma10aFour of a kind :ba treasury of favorite works by America's best-loved humorist /cErma Bombeck 1aNew York :bMcGraw-Hill,c[1985] 4c©1985 aix, 604 pages ;c24 cm atextbtxt2rdacontent aunmediatedbn2rdamedia avolumebnc2rdacarrier0 aThe grass is always greener over the septic tank -- If life is a bowl of cherries, what am I doing in the pits? -- Aunt Erma's cope book -- Motherhood, the second oldest profession aA treasury of favorite works by America's best-loved humorist 0aHousewivesvHumor 0aWomenvHumor 7aHumor.2fast0(OCoLC)fst01423696